The design agenda : a guide to successful design management
Αποθηκεύτηκε σε:
| Κύριος συγγραφέας: | |
|---|---|
| Άλλοι συγγραφείς: | |
| Μορφή: | Βιβλίο |
| Γλώσσα: | English |
| Δημοσίευση: |
Chichester :
Wiley,
c1995.
|
| Θέματα: | |
| Ετικέτες: |
Προσθήκη ετικέτας
Δεν υπάρχουν, Καταχωρήστε ετικέτα πρώτοι!
|
MARC
| LEADER | 00000cam a2200000 i 4500 | ||
|---|---|---|---|
| 001 | 1/36023 | ||
| 008 | 030520s1995 enk| ||| |||| ||eng|| | ||
| 020 | |a 0471941069 | ||
| 035 | |l 10069985 | ||
| 040 | |a GR-MyUa |b gre |e AACR2 | ||
| 041 | 0 | |a eng | |
| 082 | 7 | |a 658.5752 |2 (21) | |
| 100 | 1 | |a Davies-Cooper, Rachel. | |
| 245 | 1 | 4 | |a The design agenda : |b a guide to successful design management / |c Rachel Cooper and Mike Press. |
| 260 | |a Chichester : |b Wiley, |c c1995. | ||
| 300 | |a 298 σ. : |b εικ. ; |c 24 εκ. | ||
| 504 | |a Περιλαμβάνει βιβλιογραφικές παραπομπές και ευρετήριο. | ||
| 650 | 0 | |a Industrial design |x Management. | |
| 700 | 1 | |a Press, Mike. | |
| 852 | |a INST |b SYROS |e 20030724 |h 658.5752 DAV |p 005500003271 |q 005500003271 |t BK |y 0 | ||
| 852 | |a INST |b SYROS |e 20030520 |h 658.5752 DAV |p 005500003385 |q 005500003385 |t BK |y 0 | ||
| 901 | |a BIBL5-2003-2 | ||
| 901 | |a BIBL5-2003-2 | ||
| 922 | |a 5ΕΛΗ |b 200301 |c ΤΜΣΠΣ |d Παπασωτηρίου | ||
| 950 | |a 183-2003-01-10 | ||
| 970 | |a Μανωλαράκη |b Μαρία |z 20/05/2003 | ||